000 00491nam a2200193Ia 4500
008 220531s9999 xx 000 0 und d
041 _aeng
082 _a-
_bKHI / WAG
100 _aKhilare, A. / Waghmare, S.
_968987
245 _aBusiness Management
250 _a1ST
260 _aPune
_bDiamand
_c2014
300 _a156
542 _d01-08-2014
551 _aCommerce
_bNon-grant--C
650 _aBusiness Economics
_968988
906 _d2014-2015
_f824
999 _c38725
_d38725